| 000 | 00501nam a2200145Ia 4500 | ||
|---|---|---|---|
| 008 | 231129s2001||||xx |||||||||||||| ||spa|| | ||
| 020 | _a958-33-1999-6 | ||
| 040 | _bspa | ||
| 082 | _a612.88 Z93c | ||
| 100 | _aZuluaga Gallego Jorge | ||
| 245 | 0 | _aControle el dolor y evite los peligros de los analgésicos: Descifre los secretos del éxito para el control adecuado del dolor | |
| 260 | _c2001 | ||
| 264 | _a[Bogotá] Colombia : Pol Editores | ||
| 942 |
_2ddc _cBKS |
||
| 999 |
_c8081 _d8081 |
||